000 00226nam a22000857a 4500
008 160708b xxu||||| |||| 00| 0 eng d
100 _92442
_a Page, C.G
245 _aNeeley Never Said Goodbye
260 _aChicago
_b Moody Press
_c1991
999 _c2113
_d2113